All CART drivers championship winners. - Statistics

General Stats
  • This quiz has been taken 175 times
  • The average score is 19 of 25
Answer Stats
Year Driver % Correct
1984 Mario Andretti
93%
1991 Michael Andretti
93%
1983 Al Unser
84%
1985 Al Unser
84%
1990 Al Unser Jr.
84%
1994 Al Unser Jr.
84%
1995 Jacques Villeneuve
83%
1999 Juan Pablo Montoya
83%
1997 Alex Zanardi
79%
1998 Alex Zanardi
79%
1993 Nigel Mansell
79%
1989 Emerson Fittipaldi
78%
1986 Bobby Rahal
73%
1997 Bobby Rahal
73%
1992 Bobby Rahal
73%
2003 Paul Tracy
73%
1979 Rick Mears
73%
1981 Rick Mears
73%
1982 Rick Mears
73%
2000 Gil de Ferran
69%
2001 Gil de Ferran
69%
1996 Jimmy Vasser
68%
1988 Danny Sullivan
56%
2002 Cristiano da Matta
54%
1980 Johnny Rutherford
50%
No matching quizzes found
Score Distribution
Percent of People with Each Score
Percentile by Number Answered
Your Score History
You have not taken this quiz